| 000 | 00441nam a2200133Ia 4500 | ||
|---|---|---|---|
| 001 | 1091 | ||
| 008 | 241024s9999 xx 000 0 und d | ||
| 082 | _aRD/330.97293/R426p/2010-2013 | ||
| 100 | _aRepública Dominicana. Ministerio de Económia Planificación y Desarrollo | ||
| 245 | 0 | _aPropuesta de Plan Nacional Plurianual del sector público 2010-2013 | |
| 260 |
_bSanto Domingo _c2010 |
||
| 901 | _a28/12/2010 11:17:53 a.m. | ||
| 999 |
_c9740 _d9740 |
||